Matemáticas financieras : (Registro nro. 7022)

Detalles MARC
000 -LEADER
fixed length control field 00935nam a22002417a 4500
003 - CONTROL NUMBER IDENTIFIER
control field OSt
005 - DATE AND TIME OF LATEST TRANSACTION
control field 20201207111550.0
008 - FIXED-LENGTH DATA ELEMENTS--GENERAL INFORMATION
fixed length control field 201207s1978 ck a|||gr|||| 00| 0 spa d
040 ## - CATALOGING SOURCE
Original cataloging agency CO-JMCR
Transcribing agency CO-JMCR
041 0# - LANGUAGE CODE
Language code of text/sound track or separate title spa
082 04 - DEWEY DECIMAL CLASSIFICATION NUMBER
Classification number 515.38 /
Item number G215m
Edition number 23
100 1# - MAIN ENTRY--PERSONAL NAME
Personal name García, Jaime A.,
Relator term autor
9 (RLIN) 12447
245 10 - TITLE STATEMENT
Title Matemáticas financieras :
Remainder of title con ecuaciones de diferencia finita /
Statement of responsibility, etc. Jaime A. García
260 ## - PUBLICATION, DISTRIBUTION, ETC.
Place of publication, distribution, etc. Bogotá :
Name of publisher, distributor, etc. Universidad Externado de Colombia,
Date of publication, distribution, etc. 1986
300 ## - PHYSICAL DESCRIPTION
Extent 291 páginas :
Other physical details ilustraciones a blanco y negro ;
Dimensions 24 cm.
500 ## - GENERAL NOTE
General note Respuestas : páginas 283-291.
504 ## - BIBLIOGRAPHY, ETC. NOTE
Bibliography, etc. note Bibliografía : páginas 282.
505 0# - FORMATTED CONTENTS NOTE
Formatted contents note Conceptos básicos -- Matemáticas financieras -- Selección de alternativas
650 24 - SUBJECT ADDED ENTRY--TOPICAL TERM
Topical term or geographic name entry element Matemáticas empresariales
9 (RLIN) 12448
650 24 - SUBJECT ADDED ENTRY--TOPICAL TERM
Topical term or geographic name entry element Ciclos económicos
General subdivision Modelos matemáticos
9 (RLIN) 12449
650 24 - SUBJECT ADDED ENTRY--TOPICAL TERM
Topical term or geographic name entry element Logística empresarial
General subdivision Modelos matemáticos
9 (RLIN) 12450
942 ## - ADDED ENTRY ELEMENTS (KOHA)
Source of classification or shelving scheme Dewey Decimal Classification
Koha item type Books
Existencias
Withdrawn status Lost status Source of classification or shelving scheme Damaged status Not for loan Home library Current library Shelving location Date acquired Source of acquisition Total Checkouts Full call number Barcode Date last seen Date last checked out Copy number Price effective from Koha item type
    Dewey Decimal Classification     Biblioteca Pública José María del Castillo y Rada Biblioteca Pública José María del Castillo y Rada General Stacks 04/15/2018 Donación 2 515.38 / G215m 201811661 03/06/2025 02/11/2025 Ej.1 04/15/2018 Books